| 000 | 00318nam a2200121Ia 4500 | ||
|---|---|---|---|
| 005 | 20260326100033.0 | ||
| 008 | 260326s9999||||xx |||||||||||||| ||und|| | ||
| 100 | _aBaron, Cynthia L. | ||
| 245 | 0 |
_aDesigning a Digital Portfolio / _cCynthia L. Baron |
|
| 260 | _bNew Riders | ||
| 650 | _aARQUITECTURA-GENERAL | ||
| 942 | _cBK | ||
| 999 |
_c6673 _d6673 |
||